000
00221nam a2200097Ia 4500
008
190216s9999||||xx |||||||||||||| ||und||
100
_a
S L Puram
245
0
_a
Kurachariyuka Ere Viswasikkuka
260
_b
Null
942
_c
BK
999
_c
23737
_d
23737